The clash of civilizations and the remaking of world order

Αποθηκεύτηκε σε:
Λεπτομέρειες βιβλιογραφικής εγγραφής
Κύριος συγγραφέας: Huntington, Samuel P.
Μορφή: Βιβλίο
Γλώσσα:English
Δημοσίευση: London : Free Press, 2002
Θέματα:
Ετικέτες: Προσθήκη ετικέτας
Δεν υπάρχουν, Καταχωρήστε ετικέτα πρώτοι!

MARC

LEADER 00000nam a2200000 a 4500
001 1/127441
008 231009s2002####enk| ||| |||| ||eng||
020 |a 9780743231497 
040 |a GR-MyUa  |b gre  |c GR-MyUa  |e AACR2 
041 0 |a eng 
082 7 |a 909.82   |2 (23) 
100 1 |a Huntington, Samuel P. 
245 1 4 |a The clash of civilizations and the remaking of world order /   |c Samuel P. Huntington. 
260 |a London :   |b Free Press,   |c 2002 
300 |a [368] σ. ;   |c 20 εκ.  
504 |a Βιβλιογραφία : σ. 323-352. Ευρετήριο : [353]-367. 
650 0 |a World politics. 
650 0 |a World politics  |y 20th century. 
650 0 |a World politics  |y 21st century. 
650 0 |a Civilization, Modern  |y 20th century. 
650 0 |a Civilization, Modern  |y 21st century. 
767 0 8 |i Μεταφρασμένο ως:   |t Η σύγκρουση των πολιτισμών και ο ανασχηματισμός της παγκόσμιας τάξης /  
852 |a INST  |b RHODES  |e 20231009  |h 909.82 HUN  |p 005400043820  |q 005400043820  |t BK  |y 0 
970 |z 09-10-2023